00714nam a2200193Ia 450000500170000000800410001702000140005802000140007204000740008604100080016010000300016824500810019826000420027930000310032165000640035265000390041665000480045565000170050320240731131255.0130821s2003 enka gr eng  a415258928 a415258936 aCo-BoUCMbspacSandra Palacio (modificó)dDavid Moreno (modificó)00aeng1 aFairclough, Normand1941-10aAnalysing discourse textual analysis for social researchcNorman Fairclough aLondres (Inglaterra)bRoutledgec2003 avi, 270 páginasbcuadros04aAnálisis del discursovAspectos socialesxInvestigaciones04aCiencias socialesxInvestigaciones04aFilosofía del lenguajevAspectos sociales04aSociología